Normal view
MARC view
- NS Muhammad Hamza Ali NS Mohammad Omer NS Muhammad Zumar
Entry Personal Name
001 - CONTROL NUMBER
- control field: 73088
003 - CONTROL NUMBER IDENTIFIER
- control field: NUST
005 - DATE AND TIME OF LATEST TRANSACTION
- control field: 20210628204951.0
008 - FIXED-LENGTH DATA ELEMENTS
- fixed length control field: 210628|| aca||aabn | a|a d
040 ## - CATALOGING SOURCE
- Original cataloging agency: NUST
- Transcribing agency: NUST
100 ## - HEADING--PERSONAL NAME
- Personal name: NS Muhammad Hamza Ali NS Mohammad Omer NS Muhammad Zumar
670 ## - SOURCE DATA FOUND
- Source citation: Work cat.: (NUST): NS Muhammad Hamza Ali NS Mohammad Omer NS Muhammad Zumar, PR-SOF-1937-Design and Analysis of A Dump-Bed Erection Mechanism, 2020
